000 00548nam a2200217Ia 4500
003 OSt
005 20221007083001.0
006 a|||||r|||| 00| 0
007 ta
008 221006b |||||||| |||| 00| 0 eng d
024 _a44,601
037 _cDissertations
040 _aFLL
_cFLL
_beng
041 _2eng
_aeng
100 _aAGGARWAL Ajay Kumar
_9699991
245 0 _aRight to information
_b A critical study
260 _c2017
300 _a97p.
_ccm.
942 _cDIS
_2CC
999 _c1168388
_d1168388